<?xml version="1.0" encoding="UTF-8"?><?xml-stylesheet type="text/xsl" href="static/style.xsl"?><OAI-PMH xmlns="http://www.openarchives.org/OAI/2.0/" xmlns:xsi="http://www.w3.org/2001/XMLSchema-instance" xsi:schemaLocation="http://www.openarchives.org/OAI/2.0/ http://www.openarchives.org/OAI/2.0/OAI-PMH.xsd"><responseDate>2026-05-11T16:04:02Z</responseDate><request verb="GetRecord" identifier="oai:riubu.ubu.es:10259/11592" metadataPrefix="marc">https://riubu.ubu.es/oai/request</request><GetRecord><record><header><identifier>oai:riubu.ubu.es:10259/11592</identifier><datestamp>2026-05-09T00:05:51Z</datestamp><setSpec>com_10259.4_2551</setSpec><setSpec>com_10259_5086</setSpec><setSpec>com_10259_2604</setSpec><setSpec>col_10259.4_2552</setSpec></header><metadata><record xmlns="http://www.loc.gov/MARC21/slim" xmlns:doc="http://www.lyncode.com/xoai" xmlns:xsi="http://www.w3.org/2001/XMLSchema-instance" xmlns:dcterms="http://purl.org/dc/terms/" xsi:schemaLocation="http://www.loc.gov/MARC21/slim http://www.loc.gov/standards/marcxml/schema/MARC21slim.xsd">
<leader>00925njm 22002777a 4500</leader>
<datafield tag="042" ind1=" " ind2=" ">
<subfield code="a">dc</subfield>
</datafield>
<datafield tag="720" ind1=" " ind2=" ">
<subfield code="a">García González, Rebeca</subfield>
<subfield code="e">author</subfield>
</datafield>
<datafield tag="720" ind1=" " ind2=" ">
<subfield code="a">Muñoz Guarinos, Julia</subfield>
<subfield code="e">author</subfield>
</datafield>
<datafield tag="720" ind1=" " ind2=" ">
<subfield code="a">Cirotto, Nico</subfield>
<subfield code="e">author</subfield>
</datafield>
<datafield tag="720" ind1=" " ind2=" ">
<subfield code="a">Díaz Navarro, Sonia</subfield>
<subfield code="e">author</subfield>
</datafield>
<datafield tag="720" ind1=" " ind2=" ">
<subfield code="a">Rodríguez, Laura</subfield>
<subfield code="e">author</subfield>
</datafield>
<datafield tag="720" ind1=" " ind2=" ">
<subfield code="a">Carretero Díaz, José Miguel</subfield>
<subfield code="e">author</subfield>
</datafield>
<datafield tag="260" ind1=" " ind2=" ">
<subfield code="c">2026-02</subfield>
</datafield>
<datafield tag="520" ind1=" " ind2=" ">
<subfield code="a">The preauricular sulcus has long been debated as a pelvic feature variably&#xd;
attributed to obstetric stress, ligamentous traction, and broader biomechanical processes. To clarify its determinants, we analyzed 409 adult individuals from three archeological and one early modern skeletal collection from&#xd;
the Iberian Peninsula, integrating graded sulcus expression with pelvic&#xd;
morphology, body size, and demographic context. Sulcus expression shows&#xd;
marked sexual dimorphism: females exhibit the full morphological spectrum, whereas males display limited variation and are overwhelmingly concentrated in the lowest grades. Hierarchical log-linear models and ordinal&#xd;
logistic regression analyses indicate that preauricular sulcus presence is not&#xd;
associated with stature, body mass, or overall pelvic canal dimensions.&#xd;
Instead, inferior pelvic dimensions, particularly pubic length and outlet&#xd;
measures, emerge as the only consistent morphological predictors, with significant sex-specific interactions restricted to the outlet. Neither population&#xd;
affiliation nor age at death modifies the association between sex and sulcus&#xd;
expression. Taken together, these results support a model in which the preauricular sulcus reflects sex-specific biomechanical environments of the&#xd;
inferior pelvis rather than overall body size or population-level variation.&#xd;
Within this framework, sulcus development is best interpreted as ligamentmediated remodeling shaped by localized mechanical loading and hormonally mediated changes associated with pregnancy, while remaining.</subfield>
</datafield>
<datafield tag="024" ind2=" " ind1="8">
<subfield code="a">1932-8486</subfield>
</datafield>
<datafield tag="024" ind2=" " ind1="8">
<subfield code="a">https://hdl.handle.net/10259/11592</subfield>
</datafield>
<datafield tag="024" ind2=" " ind1="8">
<subfield code="a">10.1002/ar.70177</subfield>
</datafield>
<datafield tag="024" ind2=" " ind1="8">
<subfield code="a">1932-8494</subfield>
</datafield>
<datafield ind1=" " ind2=" " tag="653">
<subfield code="a">Childbirth</subfield>
</datafield>
<datafield ind1=" " ind2=" " tag="653">
<subfield code="a">Ligament remodeling</subfield>
</datafield>
<datafield ind1=" " ind2=" " tag="653">
<subfield code="a">Pelvic biomechanics</subfield>
</datafield>
<datafield ind1=" " ind2=" " tag="653">
<subfield code="a">Preauricular sulcus</subfield>
</datafield>
<datafield ind1=" " ind2=" " tag="653">
<subfield code="a">Fossil hominids</subfield>
</datafield>
<datafield ind1=" " ind2=" " tag="653">
<subfield code="a">Homínidos fósiles</subfield>
</datafield>
<datafield tag="245" ind1="0" ind2="0">
<subfield code="a">Pelvic morphology and body size in relation to the preauricular sulcus: Evidence from medieval to modern Iberia</subfield>
</datafield>
</record></metadata></record></GetRecord></OAI-PMH>